000 00735nam a22002057a 4500
003 OSt
005 20260423044953.0
008 260423b |||||||| |||| 00| 0 eng d
020 _a978-621-8156-00-5
040 _aOC
_cDWC-Main Lib
082 _aFil. 302.14 T819g 2019
100 _aTria, G.
245 _aGroup process:
_b theory and practice
_cTria, Geraldine E.
260 _aQuezon City, Philippines :
_bPantas Publishing & Printing Inc.,
_c c2019.
300 _a152 pages :
_billustrations ;
_c25cm.
504 _aIncludes bibliographical references
650 _a1. Cognitive learning
650 _a2. Group relations training
942 _2ddc
_cBK - FIL
_hFil. 302.14 T819g 2019
_kFil.
_n0
999 _c9789
_d9789